Uma aventura na Amazônia (Record no. 196202)

MARC details
000 -LÍDER
campo de controle de tamanho fixo 00490nam a22001817a 4500
001 - NÚMERO DE CONTROLE
campo de controle 196202
003 - IDENTIFICADOR DO NÚMERO DE CONTROLE
campo de controle 0
005 - DATA E HORÁRIO DA ÚLTIMA TRANSAÇÃO
campo de controle 20260221085256.0
008 - CAMPO DE DADOS FIXOS--INFORMAÇÃO GERAL
campo de controle de tamanho fixo 260221b |||||||| |||| 00| 0 POR d
020 ## - ISBN - INTERNATIONAL STANDARD BOOK NUMBER
ISBN - International Standard Book Number 9788590367536
040 ## - FONTE DA CATALOGAÇÃO
Instituição que transcreveu o registro Anglo Leonardo da Vinci
100 ## - ENTRADA PRINCIPAL--NOME PESSOAL
Nome pessoal Dias, Gisele Pecchio
9 (RLIN) 2206
245 ## - TÍTULO
Título Uma aventura na Amazônia
Restante do título Raycha
Indicação de responsabilidade, etc. Gisele Pecchio Dias
300 ## - DESCRIÇÃO FÍSICA
Extensão 64 p.
490 ## - TÍTULO DA SÉRIE
Título da série Coleção Toby
Número do volume ou designação sequencial da série v. 3
650 #0 - ASSUNTO--TERMO TÓPICO
Cabeçalho tópico ou nome geográfico Literatura infantojuvenil
9 (RLIN) 1113
942 ## - ELEMENTOS DE ENTRADA ADICIONADOS (KOHA)
Fonte da classificação ou esquema de arquivamento na estante Classificação Decimal de Dewey
Tipo de material Koha Livros
Ocultar no OPAC Não
Holdings
Situação do descarte Situação das perdas Fonte da classificação ou esquema de arquivamento na estante Situação física Não pode ser emprestado Biblioteca de origem Biblioteca atual Data de aquisição Total de empréstimos Número de chamada completo Código de barras Data de último acesso Data do preço efetivo Tipo de material Koha
    Classificação Decimal de Dewey     Leonardo Da Vinci - Osasco Leonardo Da Vinci - Osasco 21/02/2026   J D58u ex.1 O017490 21/02/2026 21/02/2026 Livros
    Classificação Decimal de Dewey     Leonardo Da Vinci - Osasco Leonardo Da Vinci - Osasco 21/02/2026   J D58u ex.2 O017528 21/02/2026 21/02/2026 Livros